Heartland New Mexico : (Record no. 151)

MARC details
000 -LEADER
fixed length control field 00929cam a2200289 a 4500
005 - DATE AND TIME OF LATEST TRANSACTION
control field 20260322212008.0
008 - FIXED-LENGTH DATA ELEMENTS--GENERAL INFORMATION
fixed length control field data
010 ## - LIBRARY OF CONGRESS CONTROL NUMBER
LC control number 88038519
020 ## - INTERNATIONAL STANDARD BOOK NUMBER
International Standard Book Number 0826310729
020 ## - INTERNATIONAL STANDARD BOOK NUMBER
International Standard Book Number 9780826310729
040 ## - CATALOGING SOURCE
Original cataloging agency DLC
Transcribing agency DLC
Modifying agency DLC
043 ## - GEOGRAPHIC AREA CODE
Geographic area code n-us-nm
050 00 - LIBRARY OF CONGRESS CALL NUMBER
Classification number F797
Item number .W66 1989
082 00 - DEWEY DECIMAL CLASSIFICATION NUMBER
Classification number 978.9/052
Edition information 19
092 ## - LOCALLY ASSIGNED DEWEY CALL NUMBER (OCLC)
Classification number 978.9 W66 1989
001 - CONTROL NUMBER
control field data
100 1# - MAIN ENTRY--PERSONAL NAME
Personal name Wood, Nancy C.
245 10 - TITLE STATEMENT
Title Heartland New Mexico :
Remainder of title photographs from the Farm Security Administration, 1935-1943 /
Statement of responsibility, etc. Nancy C. Wood & United States.
250 ## - EDITION STATEMENT
Edition statement 1st ed.
260 ## - PUBLICATION, DISTRIBUTION, ETC.
Place of publication, distribution, etc. Albuquerque :
Name of publisher, distributor, etc. University of New Mexico Press,
Date of publication, distribution, etc. c1989.
300 ## - PHYSICAL DESCRIPTION
Extent xii, 125 p. :
Other physical details ill. ;
Dimensions 28 cm.
504 ## - BIBLIOGRAPHY, ETC. NOTE
Bibliography, etc. note Bibliography: p. 123-125.
650 #0 - SUBJECT ADDED ENTRY--TOPICAL TERM
Topical term or geographic name entry element Cities and towns
Geographic subdivision New Mexico
General subdivision Pictorial works.
651 #0 - SUBJECT ADDED ENTRY--GEOGRAPHIC NAME
Geographic name New Mexico
General subdivision Pictorial works.
651 #0 - SUBJECT ADDED ENTRY--GEOGRAPHIC NAME
Geographic name New Mexico
General subdivision Pictorial works.
-- Pictorial works.
710 2# - ADDED ENTRY--CORPORATE NAME
Corporate name or jurisdiction name as entry element United States.
Subordinate unit Farm Security Administration.
Holdings
Withdrawn status Lost status Damaged status Not for loan Home library Current library Shelving location Date acquired Total checkouts Full call number Barcode Date last seen Price effective from Koha item type
        Pleasant Valley Pleasant Valley General stacks 22/03/2026   978.9/052 19 BC0010155 22/03/2026 22/03/2026 Books